Statistiques concernant La Nouvelle-Orléans : culture générale

Cliquez ici pour prendre le quiz!

Statistiques générales

  • Ce quiz a été pris 21 fois
  • Le résultat moyen est 5 sur 16

Statistiques - réponses

QuestionsRéponses% Correct
État américain dans lequel se situe La Nouvelle-Orléans.La Louisiane
100%
Fleuve qui arrose La Nouvelle-Orléans.Le Mississippi
100%
Style de musique noire née au début du XXe siècle dans les tréfonds de Storyville, quartier de La Nouvelle-Orléans où régna la violence, l'alcool, le jeu d'argent et la prostitution.Le jazz
67%
Ouragan qui amena la désolation sur la ville en 2005. Les eaux du lac précédent se sont déversées sur cette dernière après son passage.L'Ouragan Katrina
67%
Jour festif précédent le carême. Dans la langue anglaise, la locution est reprise telle quelle en français pour désigner la période de carnaval dans son intégralité. Celui de La Nouvelle-Orléans s'étend depuis l'épiphanie jusqu'à ce jour-là et est très connu dans l'ensemble des États-Unis d'Amérique.Le Mardi gras
48%
Roi de France croisé, canonisé, qui donne son nom à la Cathédrale de La Nouvelle-Orléans ainsi qu'à son cimetière très célèbre pour ses tombes en brique au-dessus du sol, pour des raisons d'hygiène, en raison de la nappe phréatique.Saint Louis
48%
Régent de France qui donna son nom à la ville de La Nouvelle-Orléans, ville fondée par les Français sous sa régence en 1720.Philippe d'Orléans
33%
Lac salé, en réalité un estuaire relié à plusieurs rivières, qui borde La Nouvelle-Orléans au nord. Il porte le nom de deux ministres de Louis XIV, père et fils. C'est le père qui lui a donné son nom.Le Lac Pontchartrain
19%
Nom sous lequel est également connu l'ancien "Quartier français" de La Nouvelle-Orléans : "Le Vieux ____".Carré
14%
Philosophe français, analyste politique et précurseur de la sociologie qui au cours d'un voyage à La Nouvelle-Orléans en 1832, décrivit le port comme une "forêt de vaisseaux" et la population de la ville comme une "population mêlée", "figures de toutes les nuances de couleur. Langage français, anglais, espagnol, créole."Alexis de Tocqueville
10%
Pianiste d'origine créole française, natif de La Nouvelle-Orléans, qui inventa en 1949, ce que l'on appellera plus tard le "rock & roll" avec sa chanson "The Fat Man". Il connaîtra ensuite le succès avec des titres comme "Ain't That a Shame" ou encore "Blueberry Hill".Fats Domino
10%
Nom du bateau à aube emblématique de la ville qui vogue sur le grand fleuve (réponse #2). Il est également le nom hispanisé de l'une des rares nations amérindiennes qui fut ennemies des Français et massacrées par eux. Cette nation amérindienne inspira plusieurs romans à François-René de Châteaubriand.Le Natchez
10%
Ancien bras et méandre du grand fleuve (réponse #2). L'un d'entre eux, nommé d'après l'apôtre Saint Jean, borde également La Nouvelle-Orléans.Un bayou
10%
Chanteur folk, fils d'un joueur de banjo célèbre qui enregistra en 1972 la chanson de Steve Goodman, "City of New Orleans", plus tard interprétée par Willie Nelson et adaptée en français pour Joe Dassin sous le titre "Salut les amoureux".Arlo Guthrie
0%
Ouragan qui balaya La Nouvelle-Orléans via le fleuve (réponse #2), en 1965.L'Ouragan Betsy
0%
Chanson du groupe folk rock Creedence Clearwater Revival, reprise ensuite par Tina Turner dans laquelle on peut entendre les vers suivants :

"Pumped a lot of pane down in New Orleans"
Proud Mary
0%

Distribution des résultats

Percentile par nombre de réponses

% des personnes avec chaque résultat

Votre développement - résultats

Vous n’avez pas pris ce quiz